[Event "12th 4NCL Congress"]
[Site "Harrogate"]
[Date "2017.01.07"]
[Round "2"]
[Board "18"]
[White "Potter, Steven"]
[Black "Procter, Colin S"]
[Result "0-1"]
[WhiteElo "1900"]
[BlackElo "1731"]
[PlyCount "108"]
[EventDate "2017.01.06"]
[EventRounds "5"]
[EventCountry "ENG"]

1. d4 d5 2. Bg5 h6 3. Bh4 c6 4. e3 Bf5 5. Nd2 Qb6 6. Qc1 Nd7 7. Ngf3 Ngf6 8. c4
e6 9. c5 Qd8 10. Be2 Be7 11. O-O Ne4 12. Bxe7 Qxe7 13. b4 a6 14. a4 O-O 15. b5
axb5 16. axb5 Ndf6 17. Nxe4 Nxe4 18. b6 f6 19. Qb2 e5 20. Rxa8 Rxa8 21. dxe5
Nxc5 22. Ra1 Rxa1+ 23. Qxa1 Bd3 24. Qa8+ Qf8 25. Qxf8+ Kxf8 26. Bxd3 Nxd3 27.
exf6 gxf6 28. Kf1 Nc5 29. Nd4 Nd7 30. f4 Nxb6 31. Ne6+ Ke7 32. Nc5 Nc4 33. Ke2
b6 34. Nb3 c5 35. g4 Nd6 36. h4 Ne4 37. Kf3 b5 38. Ke2 b4 39. g5 fxg5 40. fxg5
hxg5 41. hxg5 c4 42. Nd4 b3 43. Kd1 Nxg5 44. Kc1 Kd6 45. Kb2 Ke5 46. Nc6+ Ke4
47. Nb4 Nf3 48. Kc3 Ne1 49. Kb2 Nd3+ 50. Nxd3 Kxd3 51. Kc1 Kxe3 52. Kd1 d4 53.
Kc1 Ke2 54. Kb2 d3 0-1

[Event "12th 4NCL Congress"]
[Site "Harrogate"]
[Date "2017.01.07"]
[Round "2"]
[Board "19"]
[White "Bin-Suhayl, Yousuf"]
[Black "Riding, Mick D"]
[Result "0-1"]
[WhiteElo "1788"]
[BlackElo "1898"]
[PlyCount "34"]
[EventDate "2017.01.06"]
[EventRounds "5"]
[EventCountry "ENG"]

1. b4 c6 2. c4 a5 3. b5 d5 4. e3 Bf5 5. c5 e5 6. d4 Nd7 7. Qa4 exd4 8. exd4
Bxc5 9. bxc6 bxc6 10. dxc5 Qf6 11. Qf4 Ne7 12. Bd3 Qxa1 13. Bxf5 Nxf5 14. Qxf5
Rb8 15. Ne2 Qxb1 16. Qg5 Qg6 17. Qe3+ Qe4 0-1

[Event "12th 4NCL Congress"]
[Site "Harrogate"]
[Date "2017.01.07"]
[Round "2"]
[Board "20"]
[White "Clarke, Paul Rh"]
[Black "Desmedt, Richard E"]
[Result "1/2-1/2"]
[WhiteElo "1729"]
[BlackElo "1839"]
[PlyCount "77"]
[EventDate "2017.01.06"]
[EventRounds "5"]
[EventCountry "ENG"]

1. d4 d5 2. Bf4 e6 3. e3 Bd6 4. Bg3 Nf6 5. Nf3 b6 6. Bd3 Ba6 7. Bxa6 Nxa6 8.
Qe2 Bxg3 9. hxg3 Qc8 10. Nbd2 c5 11. Qb5+ Nd7 12. c3 Nc7 13. Qd3 Qa6 14. Qxa6
Nxa6 15. O-O Rc8 16. e4 cxd4 17. Nxd4 dxe4 18. Nxe4 O-O 19. Nb5 Nac5 20. Rfd1
a6 21. Nxc5 Nxc5 22. Nd4 g6 23. b3 Rfd8 24. f3 e5 25. Ne2 f5 26. c4 Kf7 27. Nc3
Ne6 28. Nd5 b5 29. cxb5 axb5 30. Nb6 Rxd1+ 31. Rxd1 Rd8 32. Rxd8 Nxd8 33. a4
bxa4 34. bxa4 Nc6 35. Nc4 Ke6 36. Kf2 Kd5 37. Nb6+ Kc5 38. Nd7+ Kb4 39. Nf8
 1/2-1/2

[Event "12th 4NCL Congress"]
[Site "Harrogate"]
[Date "2017.01.07"]
[Round "2"]
[Board "21"]
[White "Nandi, Robin J"]
[Black "Salisbury, Paul"]
[Result "0-1"]
[WhiteElo "1839"]
[BlackElo "1708"]
[PlyCount "70"]
[EventDate "2017.01.06"]
[EventRounds "5"]
[EventCountry "ENG"]

1. d4 d5 2. c4 Nc6 3. Nf3 Bg4 4. Nc3 e6 5. Bf4 Bb4 6. e3 Nf6 7. Qb3 O-O 8. Be2
Qe7 9. O-O Na5 10. Qa4 Nxc4 11. Bxc4 dxc4 12. Ne5 Bxc3 13. bxc3 Be2 14. Rfe1
Nd5 15. Rxe2 Nxc3 16. Qxc4 Nxe2+ 17. Qxe2 Rfd8 18. Rb1 f6 19. Nd3 b6 20. Qc2
Rd7 21. Rc1 Rad8 22. Ne1 e5 23. dxe5 fxe5 24. Bg3 c5 25. Nf3 Qd6 26. h4 Qd3 27.
Nxe5 Qxc2 28. Rxc2 Rd1+ 29. Kh2 R8d2 30. Rxd2 Rxd2 31. Nc6 Rxa2 32. Bb8 c4 33.
e4 c3 34. Be5 c2 35. Bf4 Ra1 0-1

[Event "12th 4NCL Congress"]
[Site "Harrogate"]
[Date "2017.01.07"]
[Round "2"]
[Board "22"]
[White "Bowman, Richard L"]
[Black "Allison, Paul A"]
[Result "1/2-1/2"]
[WhiteElo "1817"]
[BlackElo "1601"]
[PlyCount "92"]
[EventDate "2017.01.06"]
[EventRounds "5"]
[EventCountry "ENG"]

1. d4 f5 2. g3 Nf6 3. Bg2 e6 4. c4 Be7 5. Nc3 O-O 6. Nh3 d6 7. O-O Qe8 8. Re1
Nbd7 9. Ng5 Bd8 10. d5 e5 11. Ne6 Rf7 12. e4 Nxe4 13. Nxe4 fxe4 14. Bxe4 Nf6
15. Bf5 c6 16. Nxd8 Qxd8 17. Bxc8 Qxc8 18. Bg5 Qf5 19. Bxf6 Rxf6 20. Re2 c5 21.
Qb3 b6 22. Kg2 Raf8 23. Qe3 Qg4 24. b3 Rf3 25. Qd2 Qf5 26. Rd1 e4 27. Qc2 Rd3
28. Rde1 Rf3 29. Qxe4 Rxf2+ 30. Rxf2 Qxf2+ 31. Kh3 g5 32. Qe6+ Kg7 33. Qe7+ Kh8
34. Qe2 Qf5+ 35. Qg4 Qf2 36. Qe2 Qf5+ 37. g4 Qf6 38. Kg2 Qd4 39. Rf1 Rxf1 40.
Kxf1 Qf4+ 41. Kg2 Qf6 42. Qe8+ Kg7 43. Qd7+ Kg6 44. Qe8+ Qf7 45. Qe4+ Kg7 46.
Qe3 Qf6 1/2-1/2

[Event "12th 4NCL Congress"]
[Site "Harrogate"]
[Date "2017.01.07"]
[Round "2"]
[Board "23"]
[White "Brooke, John"]
[Black "Graham, Neil"]
[Result "0-1"]
[WhiteElo "1655"]
[BlackElo "1812"]
[PlyCount "46"]
[EventDate "2017.01.06"]
[EventRounds "5"]
[EventCountry "ENG"]

1. d4 d5 2. c4 Bf5 3. Nc3 e6 4. Qb3 Nc6 5. Nf3 Nb4 6. e4 dxe4 7. c5 Nc2+ 8.
Qxc2 exf3 9. Qa4+ c6 10. gxf3 Nf6 11. Be3 Nd5 12. Nxd5 Qxd5 13. Be2 Be7 14.
O-O-O Bg6 15. Rhg1 O-O 16. Rg3 b5 17. Qa6 Rfd8 18. Rd2 Bf6 19. b3 e5 20. dxe5
Qxe5 21. Rxg6 Qa1+ 22. Kc2 Qb2+ 23. Kd1 Qb1# 0-1

[Event "12th 4NCL Congress"]
[Site "Harrogate"]
[Date "2017.01.07"]
[Round "2"]
[Board "24"]
[White "Patterson, Dave"]
[Black "CAWSTON, M John"]
[Result "0-1"]
[WhiteElo "1585"]
[BlackElo "1820"]
[PlyCount "102"]
[EventDate "2017.01.06"]
[EventRounds "5"]
[EventCountry "ENG"]

1. e4 c5 2. c3 d5 3. e5 Nc6 4. d4 cxd4 5. cxd4 Qb6 6. Ne2 Bf5 7. a3 e6 8. Nbc3
Nge7 9. b4 h5 10. Bb2 h4 11. Na4 Qd8 12. Nc5 Rb8 13. Nc3 Nc8 14. Nb3 Be7 15.
Rc1 Bg5 16. Ra1 (16. Ra1) 16... Nb6 17. Nb5 Kf8 18. Nd6 Bg6 19. Nc5 Qe7 20. Bd3
Bxd3 21. Qxd3 Nc8 22. Ncxb7 Rxb7 23. Nxc8 Qc7 24. Nd6 Rb8 25. O-O h3 26. g3 Be7
27. Nb5 Qb6 28. Rfd1 Qxb5 29. Qxb5 Rxb5 30. Rac1 Rb6 31. Rc2 g6 32. Rdc1 Nd8
33. Rc7 Rb7 34. Rxb7 Nxb7 35. Rc7 Nd8 36. Rxa7 Nc6 37. Rc7 Nxb4 38. axb4 Bxb4
39. Rb7 Bd2 40. Rb8+ Kg7 41. Rxh8 Kxh8 42. Kf1 Kg7 43. Ke2 Bb4 44. Kf3 Be1 45.
Bc1 f5 46. Be3 Bc3 47. Kf4 Kh6 48. g4 g5+ 49. Kg3 f4+ 50. Kxh3 fxe3 51. fxe3
Bd2 0-1

[Event "12th 4NCL Congress"]
[Site "Harrogate"]
[Date "2017.01.06"]
[Round "1"]
[Board "1"]
[White "Desmedt, Richard E"]
[Black "Ackley, Peter Je"]
[Result "0-1"]
[WhiteElo "1839"]
[BlackElo "1980"]
[PlyCount "106"]
[EventDate "2017.01.06"]
[EventRounds "5"]
[EventCountry "ENG"]

1. e4 g6 2. d4 Bg7 3. Nc3 d6 4. Be3 a6 5. a4 Nf6 6. f3 Nc6 7. Be2 e5 8. d5 Ne7
9. Qd2 O-O 10. Bh6 Ne8 11. h4 f5 12. h5 f4 13. Bxg7 Nxg7 14. hxg6 hxg6 15. Nh3
Bxh3 16. Rxh3 Nh5 17. Bc4 Qd7 18. Qf2 Kg7 19. Kd2 Rh8 20. Rah1 Ng8 21. Qh4 Qd8
22. Qxd8 Rxd8 23. Ne2 Ngf6 24. a5 Ng3 25. Nxg3 fxg3 26. Rxh8 Rxh8 27. Rxh8 Kxh8
28. b4 Kg7 29. b5 axb5 30. Bxb5 Kf7 31. Bc6 bxc6 32. dxc6 d5 33. a6 dxe4 34.
fxe4 Nxe4+ 35. Ke3 Nc3 36. a7 Nd5+ 37. Ke4 Nb6 38. Kxe5 Ke7 39. Kf4 Kd6 40.
Kxg3 Kxc6 41. Kg4 Kb7 42. Kg5 Nd5 43. g3 Ne3 44. Kxg6 Kxa7 45. Kg5 Nxc2 46. Kf4
Nd4 47. g4 Ne6+ 48. Ke5 Nf8 49. g5 c5 50. Kd6 c4 51. Ke7 Ng6+ 52. Kf6 Nh4 53.
Ke5 c3 0-1

[Event "12th 4NCL Congress"]
[Site "Harrogate"]
[Date "2017.01.06"]
[Round "1"]
[Board "2"]
[White "Holroyd, Nigel P"]
[Black "Nandi, Robin J"]
[Result "1-0"]
[WhiteElo "1975"]
[BlackElo "1839"]
[PlyCount "71"]
[EventDate "2017.01.06"]
[EventRounds "5"]
[EventCountry "ENG"]

1. d4 d5 2. Nf3 Nf6 3. e3 e6 4. Nbd2 c5 5. b3 Nc6 6. Bb2 Be7 7. Bd3 O-O 8. a3
a6 9. O-O b5 10. dxc5 Bxc5 11. Qe2 Re8 12. e4 e5 13. h3 Bb7 14. Rad1 Qe7 15. b4
Bb6 16. exd5 Nxd5 17. Qe4 Nf6 18. Qh4 h6 19. Rfe1 Bc7 20. Ne4 Nxe4 21. Qxe4 g6
22. c4 Na5 23. Qe2 Bxf3 24. Qxf3 Nxc4 25. Bxc4 bxc4 26. Qc6 Red8 27. Qxc4 Rd6
28. Rc1 Rd7 29. Qc6 Ra7 30. Qe4 Rd2 31. Bc3 Ra2 32. Qe3 Rb7 33. Qxh6 Qf6 34.
Bd4 Qf4 35. Qxf4 exf4 36. Re8+ 1-0

[Event "12th 4NCL Congress"]
[Site "Harrogate"]
[Date "2017.01.06"]
[Round "1"]
[Board "3"]
[White "Dean, Robert A"]
[Black "Dennison, Warren B"]
[Result "1-0"]
[WhiteElo "1838"]
[BlackElo "1937"]
[PlyCount "67"]
[EventDate "2017.01.06"]
[EventRounds "5"]
[EventCountry "ENG"]

1. e4 c5 2. f4 e6 3. Nf3 Nc6 4. Bc4 a6 5. d3 b5 6. Bb3 d5 7. exd5 exd5 8. Qe2+
Be7 9. a4 Bb7 10. Nc3 c4 11. axb5 axb5 12. Rxa8 Bxa8 13. Ba2 Nf6 14. O-O O-O
15. Kh1 Re8 16. Ne5 d4 17. Nxb5 Nxe5 18. fxe5 cxd3 19. cxd3 Bf8 20. Bg5 Qb6 21.
Bxf6 gxf6 22. Qg4+ Bg7 23. Nd6 Rxe5 24. Qc8+ Bf8 25. Bxf7+ Kg7 26. Nf5+ Kxf7
27. Qxa8 Qxb2 28. Qa7+ Kg6 29. Nh4+ Kg5 30. Nf3+ Kg6 31. Nxe5+ fxe5 32. Qf7+
Kg5 33. Rf5+ Kg4 34. Qh5# 1-0

[Event "12th 4NCL Congress"]
[Site "Harrogate"]
[Date "2017.01.06"]
[Round "1"]
[Board "4"]
[White "Whitehead, Mark A"]
[Black "Bowman, Richard L"]
[Result "1-0"]
[WhiteElo "1935"]
[BlackElo "1817"]
[PlyCount "125"]
[EventDate "2017.01.06"]
[EventRounds "5"]
[EventCountry "ENG"]

1. e4 d6 2. Nc3 Nf6 3. g3 e5 4. Bg2 c5 5. Nge2 Nc6 6. d3 Be7 7. O-O Bg4 8. f3
Be6 9. f4 Bg4 10. f5 Nd4 11. h3 Bxe2 12. Nxe2 Nxe2+ 13. Qxe2 Nd7 14. Be3 Bg5
15. Bf2 Nb8 16. c3 Nc6 17. Rad1 Qa5 18. a3 Qb5 19. h4 Bf6 20. g4 h6 21. Qd2 Qb6
22. b4 Qd8 23. Qe1 cxb4 24. axb4 b5 25. d4 Rc8 26. Bf3 Qc7 27. Be2 a6 28. Qd2
Qe7 29. d5 Nb8 30. Qe1 Qc7 31. Rc1 Qd7 32. Kg2 Bd8 33. Rh1 Qb7 34. Be3 Bb6 35.
Bd2 Nd7 36. g5 Qa7 37. Qg3 Ke7 38. Ra1 Qb7 39. Rhf1 Rhg8 40. Rfc1 Nf6 41. Qf3
Nd7 42. Qh5 g6 43. f6+ Kd8 44. Qf3 h5 45. Qf1 Nb8 46. c4 bxc4 47. Bxc4 Qd7 48.
Qe2 Bd4 49. Ra2 Qa7 50. b5 Bc5 51. bxa6 Nd7 52. Rb1 Rb8 53. Bb5 Kc7 54. Ba5+
Nb6 55. Rab2 Rgc8 56. Bc6 Bd4 57. Rb3 Kd8 58. Qb5 Rxc6 59. Qxc6 Rc8 60. Qxd6+
Qd7 61. Bxb6+ Bxb6 62. Qxd7+ Kxd7 63. Rxb6 1-0

[Event "12th 4NCL Congress"]
[Site "Harrogate"]
[Date "2017.01.06"]
[Round "1"]
[Board "5"]
[White "Graham, Neil"]
[Black "Ter-Gevorkian, Aram"]
[Result "0-1"]
[WhiteElo "1812"]
[BlackElo "1927"]
[PlyCount "112"]
[EventDate "2017.01.06"]
[EventRounds "5"]
[EventCountry "ENG"]

1. d4 c5 2. d5 Nf6 3. Bg5 Ne4 4. Bf4 Qb6 5. Qc1 g5 6. Be5 f6 7. Bc3 e6 8. f3
Nxc3 9. Nxc3 Na6 10. e4 Nc7 11. Rb1 a6 12. h4 Qd6 13. Qe3 Qg3+ 14. Qf2 Qxf2+
15. Kxf2 b5 16. Rd1 exd5 17. exd5 g4 18. fxg4 d6 19. Be2 Bd7 20. Ne4 Be7 21.
Nxc5 dxc5 22. d6 Bd8 23. dxc7 Bxc7 24. Bf3 O-O-O 25. Nh3 Rdg8 26. Bb7+ Kxb7 27.
Rxd7 Rxg4 28. Rf7 Rd8 29. Re1 Rd2+ 30. Kf1 Rxc2 31. Ree7 Rxb2 32. Rxc7+ Kb6 33.
Rb7+ Ka5 34. Rxf6 Rgxg2 35. Ra7 Rgc2 36. Raxa6+ Kb4 37. a3+ Kb3 38. Rf3+ Ka2
39. Nf2 Rc4 40. Rh6 Rc1+ 41. Kg2 c4 42. Kg3 Rg1+ 43. Kf4 Rg7 44. Ke5 Re7+ 45.
Kf6 Rc7 46. Nd1 Rb3 47. Rxb3 cxb3 48. Rh5 Rc1 49. Rxb5 Rxd1 50. h5 Kxa3 51. Kg7
Rd7+ 52. Kg8 Rc7 53. Ra5+ Kb4 54. Rf5 b2 55. Rf7 Rxf7 56. Kxf7 b1=Q 0-1

[Event "12th 4NCL Congress"]
[Site "Harrogate"]
[Date "2017.01.06"]
[Round "1"]
[Board "6"]
[White "Heald, Carl"]
[Black "Ashcroft, Graham J"]
[Result "1/2-1/2"]
[WhiteElo "1915"]
[BlackElo "1801"]
[PlyCount "88"]
[EventDate "2017.01.06"]
[EventRounds "5"]
[EventCountry "ENG"]

1. d4 f5 2. Nf3 Nf6 3. c4 g6 4. Nc3 Bg7 5. g3 O-O 6. Bg2 d6 7. O-O Qe8 8. e3 e5
9. Nb5 Na6 10. b3 e4 11. Ng5 Bd7 12. Ba3 h6 13. Nh3 Bxb5 14. cxb5 Qxb5 15. Nf4
Kh7 16. Ne6 Rfe8 17. Nxg7 Kxg7 18. Qd2 Qd7 19. Rfc1 c6 20. Bf1 Nc7 21. Qb4 Ncd5
22. Qxd6 Qxd6 23. Bxd6 Rad8 24. Bc5 a6 25. a4 h5 26. h4 Kh6 27. Kg2 g5 28.
hxg5+ Kxg5 29. Be2 Rh8 30. Rh1 Rdg8 31. a5 h4 32. gxh4+ Rxh4 33. Rag1 Rxh1 34.
Kxh1+ Ng4 35. Rg3 Kf6 36. Kg1 Kg5 37. Bd6 Rg7 38. Bc4 Rd7 39. Bc5 Kg6 40. Be2
Rh7 41. Bd6 Rh4 42. Bc4 Kf6 43. Be2 Nc3 44. Bc4 Nd5 1/2-1/2

[Event "12th 4NCL Congress"]
[Site "Harrogate"]
[Date "2017.01.06"]
[Round "1"]
[Board "7"]
[White "May, Paul"]
[Black "Wagg, Joel"]
[Result "0-1"]
[WhiteElo "1795"]
[BlackElo "1915"]
[PlyCount "80"]
[EventDate "2017.01.06"]
[EventRounds "5"]
[EventCountry "ENG"]

1. d4 Nf6 2. c4 g6 3. Nc3 Bg7 4. e4 d6 5. h3 O-O 6. Bg5 Nbd7 7. Bd3 c5 8. d5
Qa5 9. Qd2 Ne5 10. Be2 Re8 11. f4 Ned7 12. Nf3 a6 13. O-O Rb8 14. g4 b5 15. e5
b4 16. exf6 bxc3 17. bxc3 exf6 18. Bh4 Nb6 19. Rab1 f5 20. g5 Bxc3 21. Qc2 Rb7
22. Be1 Bxe1 23. Rfxe1 Rbe7 24. Kf2 Re4 25. Bd3 Rxe1 26. Rxe1 Rxe1 27. Nxe1 Na4
28. Qe2 Kf8 29. Ke3 Bd7 30. h4 Nc3 31. Qd2 Qa3 32. Nc2 Qb2 33. a3 Ba4 34. Kf3
Bxc2 35. Qxc2 Qxa3 36. Ke3 Na2 37. Kd2 Nb4 38. Qc3 Qxc3+ 39. Kxc3 Nxd3 40. Kxd3
f6 0-1

[Event "12th 4NCL Congress"]
[Site "Harrogate"]
[Date "2017.01.06"]
[Round "1"]
[Board "8"]
[White "Goodfellow, Russell R"]
[Black "Bin-Suhayl, Yousuf"]
[Result "1-0"]
[WhiteElo "1905"]
[BlackElo "1788"]
[PlyCount "73"]
[EventDate "2017.01.06"]
[EventRounds "5"]
[EventCountry "ENG"]

1. e4 e6 2. d4 d5 3. Nd2 Nf6 4. e5 Nfd7 5. f4 c5 6. c3 Nc6 7. Ndf3 Be7 8. Be2
f5 9. Nh3 cxd4 10. cxd4 Bb4+ 11. Kf1 h6 12. Rg1 Nf8 13. g4 Qe7 14. Be3 Bd7 15.
Rc1 O-O-O 16. a3 Ba5 17. Bf2 fxg4 18. Rxg4 Qf7 19. Bh4 g5 20. fxg5 hxg5 21.
Nhxg5 Qe8 22. b4 Bc7 23. Qc2 Qh5 24. Rg2 Ng6 25. Bg3 Rdf8 26. Kg1 a6 27. a4 b5
28. axb5 axb5 29. Bxb5 Nge7 30. Ba6+ Kd8 31. b5 Bb6 32. bxc6 Nxc6 33. Nxe6+
Bxe6 34. Qxc6 Rxf3 35. Qxb6+ Ke7 36. Rc7+ Kf8 37. Qd6+ 1-0

[Event "12th 4NCL Congress"]
[Site "Harrogate"]
[Date "2017.01.06"]
[Round "1"]
[Board "9"]
[White "Jones, Neil T"]
[Black "Potter, Steven"]
[Result "1-0"]
[WhiteElo "1788"]
[BlackElo "1900"]
[PlyCount "77"]
[EventDate "2017.01.06"]
[EventRounds "5"]
[EventCountry "ENG"]

1. e4 e6 2. d4 b6 3. Nf3 Bb7 4. Bd3 c5 5. c3 Nf6 6. Qe2 Be7 7. O-O Nc6 8. dxc5
bxc5 9. Bf4 d5 10. e5 Nd7 11. Nbd2 g5 12. Bg3 h5 13. h3 c4 14. Bc2 Bc5 15. b4
cxb3 16. Nxb3 Bb6 17. Nfd4 h4 18. Bh2 a5 19. a4 Bc7 20. Nxc6 Bxc6 21. Nd4 Bb7
22. Nb5 Bb8 23. c4 dxc4 24. Rfd1 Bd5 25. Be4 Nb6 26. Bxd5 exd5 27. Nd6+ Bxd6
28. exd6+ Kf8 29. Qe5 Rg8 30. Rab1 Nxa4 31. Rb7 f6 32. Qxd5 Rg7 33. d7 Rf7 34.
Bc7 Nc3 35. Qc5+ Qe7 36. Bd6 Ne2+ 37. Kh2 g4 38. Bxe7+ Rxe7 39. d8=Q+ 1-0

[Event "12th 4NCL Congress"]
[Site "Harrogate"]
[Date "2017.01.06"]
[Round "1"]
[Board "10"]
[White "Riding, Mick D"]
[Black "Holi, Siefaldin A"]
[Result "0-1"]
[WhiteElo "1898"]
[BlackElo "1733"]
[PlyCount "58"]
[EventDate "2017.01.06"]
[EventRounds "5"]
[EventCountry "ENG"]

1. b3 c6 2. Bb2 d5 3. f4 Nd7 4. Nf3 Ngf6 5. e3 Qc7 6. c4 e6 7. Nc3 Bd6 8. Rc1
O-O 9. cxd5 exd5 10. Nb5 Qb8 11. Nxd6 Qxd6 12. Be2 Nc5 13. O-O Ncd7 14. Qe1 Re8
15. Qh4 Qe7 16. g4 Nf8 17. g5 Ne4 18. Qe1 Bh3 19. d3 Bxf1 20. Kxf1 Nd6 21. Qc3
Nf5 22. e4 dxe4 23. Ne5 Ne3+ 24. Kf2 Nd5 25. Qc4 e3+ 26. Kf3 Ne6 27. Rg1 Nexf4
28. Ng4 Ng6 29. Qd4 Nh4+ 0-1

[Event "12th 4NCL Congress"]
[Site "Harrogate"]
[Date "2017.01.06"]
[Round "1"]
[Board "11"]
[White "Procter, Colin S"]
[Black "Robson, Paul E"]
[Result "0-1"]
[WhiteElo "1731"]
[BlackElo "1897"]
[PlyCount "102"]
[EventDate "2017.01.06"]
[EventRounds "5"]
[EventCountry "ENG"]

1. c4 g6 2. g3 Bg7 3. Bg2 c5 4. Nc3 Nc6 5. e4 d6 6. Nge2 e6 7. O-O Nge7 8. d3
O-O 9. Bg5 h6 10. Be3 Nd4 11. Rb1 Nec6 12. Nb5 a6 13. Nbxd4 cxd4 14. Bc1 Rb8
15. a4 Nb4 16. Qb3 Nc6 17. Bd2 b5 18. axb5 axb5 19. cxb5 Na7 20. Qa4 Nxb5 21.
Rfc1 Bd7 22. Qa5 Qb6 23. Ra1 Qxa5 24. Bxa5 Rb7 25. Bb4 Rb6 26. Ba5 Rb7 27. Bb4
Rfb8 28. h4 e5 29. Kh2 Bf8 30. Bh3 Be8 31. Bg2 Nc7 32. Ba3 Ne6 33. Rc2 Nc5 34.
Nc1 Ba4 35. Rd2 Bb5 36. Kg1 Ra7 37. Bf1 h5 38. Re2 Rba8 39. Rb1 Ne6 40. Bh3 Nc5
41. Bf1 Rb7 42. Ra1 Rab8 43. Rd2 Bc6 44. Rc2 Ba4 45. Rd2 Bh6 46. Re2 Bb5 47.
Re1 Ba4 48. Re2 Bd1 49. Re1 Bg4 50. Be2 Bd2 51. Rd1 Bxc1 {scoresheet illegible}
 0-1

[Event "12th 4NCL Congress"]
[Site "Harrogate"]
[Date "2017.01.06"]
[Round "1"]
[Board "12"]
[White "Muflehi, Khaled"]
[Black "Clarke, Paul Rh"]
[Result "1-0"]
[WhiteElo "1885"]
[BlackElo "1729"]
[PlyCount "88"]
[EventDate "2017.01.06"]
[EventRounds "5"]
[EventCountry "ENG"]

1. d4 d5 2. c4 e6 3. Nc3 Nf6 4. Bg5 Be7 5. h3 O-O 6. c5 c6 7. Bf4 b6 8. b4 a5
9. a3 b5 10. e3 Na6 11. Qb1 Bb7 12. Bd3 axb4 13. axb4 Nxb4 14. Bxh7+ Nxh7 15.
Rxa8 Qxa8 16. Qxb4 Qa1+ 17. Nd1 Ra8 18. Ne2 Qa5 19. Qxa5 Rxa5 20. Bc7 Ra2 21.
Nec3 Ra3 22. O-O Ba6 23. Nb1 Ra1 24. Nb2 Ra2 25. Nd3 Nf6 26. Nb4 Ra4 27. Nxc6
Kf8 28. Nc3 Ra3 29. Rc1 Nd7 30. Nb4 e5 31. Nbxd5 exd4 32. exd4 Bg5 33. Rb1 Nf6
34. Bd6+ Kg8 35. Nc7 Bc8 36. N3xb5 Ra4 37. Nc3 Ra3 38. N7d5 Ne8 39. Rb8 Bd7 40.
Nb1 Rd3 41. Nc7 Kh7 42. Nxe8 Bxe8 43. Rxe8 Rd1+ 44. Kh2 Rxb1 1-0

[Event "12th 4NCL Congress"]
[Site "Harrogate"]
[Date "2017.01.06"]
[Round "1"]
[Board "13"]
[White "Salisbury, Paul"]
[Black "Burrows, Nick"]
[Result "0-1"]
[WhiteElo "1708"]
[BlackElo "1871"]
[PlyCount "56"]
[EventDate "2017.01.06"]
[EventRounds "5"]
[EventCountry "ENG"]

1. e4 d5 2. Nc3 d4 3. Nce2 e5 4. Ng3 Be6 5. Nf3 f6 6. Bb5+ c6 7. Ba4 Na6 8. d3
Qa5+ 9. Bd2 Qxa4 10. O-O Ne7 11. Nxe5 fxe5 12. Qh5+ Ng6 13. f4 exf4 14. Bxf4
O-O-O 15. Bg5 Be7 16. Nf5 Bxg5 17. Qxg5 Rd7 18. b3 Qa3 19. Qg3 Nc7 20. Rfb1 Qf8
21. Rf1 Bxf5 22. Rxf5 Rf7 23. Raf1 Rxf5 24. Rxf5 Qa3 25. Rf7 Qc1+ 26. Kf2 Qxc2+
27. Ke1 Qc1+ 28. Ke2 Qe3+ 0-1

[Event "12th 4NCL Congress"]
[Site "Harrogate"]
[Date "2017.01.06"]
[Round "1"]
[Board "14"]
[White "David, Ivan"]
[Black "Brooke, John"]
[Result "1-0"]
[WhiteElo "1869"]
[BlackElo "1655"]
[PlyCount "95"]
[EventDate "2017.01.06"]
[EventRounds "5"]
[EventCountry "ENG"]

1. d4 g6 2. Bf4 d5 3. Nc3 Bg7 4. e3 Nf6 5. Be2 O-O 6. h4 h5 7. Nf3 c6 8. Ne5
Nbd7 9. f3 Nxe5 10. Bxe5 Ne8 11. Bxg7 Nxg7 12. Qd2 f5 13. O-O-O b5 14. Rdg1 a5
15. g4 fxg4 16. fxg4 Kh7 17. gxh5 Nxh5 18. Rg5 Rf2 19. Rxh5+ gxh5 20. Bd3+ Rf5
21. e4 dxe4 22. Bxe4 e6 23. Bxc6 Ra7 24. Be4 Rg7 25. d5 b4 26. Bxf5+ exf5 27.
Nd1 Rg4 28. d6 Bd7 29. Re1 Qxh4 30. Re7+ Rg7 31. Qe3 Rxe7 32. dxe7 Qe4 33. Qxe4
fxe4 34. Kd2 Kg7 35. Ke3 Kf7 36. Kxe4 Kxe7 37. Ne3 Kf6 38. Kf4 Bg4 39. Nxg4+
hxg4 40. Kxg4 Ke5 41. Kf3 Kd4 42. Kf4 a4 43. Kf3 Kc4 44. Ke2 b3 45. cxb3+ axb3
46. a3 Kd4 47. Kd2 Kc4 48. Ke3 1-0

[Event "12th 4NCL Congress"]
[Site "Harrogate"]
[Date "2017.01.06"]
[Round "1"]
[Board "15"]
[White "Allison, Paul A"]
[Black "Williamson, A Graham"]
[Result "0-1"]
[WhiteElo "1601"]
[BlackElo "1862"]
[PlyCount "66"]
[EventDate "2017.01.06"]
[EventRounds "5"]
[EventCountry "ENG"]

1. e4 d5 2. exd5 Qxd5 3. Nf3 Nf6 4. d4 c6 5. c4 Qa5+ 6. Bd2 Qc7 7. Nc3 Bg4 8.
Be2 e6 9. Ne5 Bf5 10. g4 Be4 11. f3 Bg6 12. Bf4 Bd6 13. h4 h6 14. Nxg6 fxg6 15.
Bxd6 Qxd6 16. Qd3 Qg3+ 17. Kd1 O-O 18. Kc2 Na6 19. a3 Rad8 20. Rad1 e5 21. d5
cxd5 22. Nxd5 Nxd5 23. cxd5 Nc5 24. Qxg6 e4 25. Bc4 Rd6 26. Qh5 Rxf3 27. Kb1
Rf2 28. Rhf1 Rxb2+ 29. Kxb2 Na4+ 30. Ka2 Qh2+ 31. Kb3 Rb6+ 32. Kxa4 Qc2+ 33.
Ka5 Qc3+ 0-1

[Event "12th 4NCL Congress"]
[Site "Harrogate"]
[Date "2017.01.06"]
[Round "1"]
[Board "16"]
[White "Burns, Martin J"]
[Black "Patterson, Dave"]
[Result "1-0"]
[WhiteElo "1847"]
[BlackElo "1585"]
[PlyCount "57"]
[EventDate "2017.01.06"]
[EventRounds "5"]
[EventCountry "ENG"]

1. e4 e6 2. d4 d5 3. e5 c5 4. c3 Nc6 5. Nf3 Qb6 6. Be2 Bd7 7. O-O Nge7 8. a3
cxd4 9. cxd4 Nf5 10. Nc3 Ncxd4 11. Nxd4 Qxd4 12. Qb3 Rb8 13. Bb5 Qc5 14. Bxd7+
Kxd7 15. Qa4+ b5 16. Qf4 Ke8 17. Rd1 g6 18. g4 Ne7 19. Be3 Qc7 20. Rac1 Qb7 21.
Rc2 h6 22. Rdc1 a6 23. Ne2 Rc8 24. Bc5 Nc6 25. Bxf8 Kxf8 26. Nd4 Ne7 27. Nxe6+
Ke8 28. Rxc8+ Nxc8 29. Rc7 1-0

[Event "12th 4NCL Congress"]
[Site "Harrogate"]
[Date "2017.01.06"]
[Round "1"]
[Board "17"]
[White "Robinson, Brian"]
[Black "Stone, Ian C"]
[Result "1/2-1/2"]
[WhiteElo "1565"]
[BlackElo "1840"]
[PlyCount "84"]
[EventDate "2017.01.06"]
[EventRounds "5"]
[EventCountry "ENG"]

1. d4 d5 2. Nc3 Bf5 3. Nf3 Nf6 4. Bg5 h6 5. Bxf6 exf6 6. e3 c6 7. Bd3 Bg4 8. h3
Bh5 9. g4 Bg6 10. Bxg6 fxg6 11. Qd3 g5 12. Qg6+ Kd7 13. O-O-O Qe8 14. Qxe8+
Kxe8 15. e4 Bb4 16. exd5 Bxc3 17. bxc3 cxd5 18. Rde1+ Kf7 19. Re3 Nc6 20. Rhe1
h5 21. Nd2 hxg4 22. hxg4 Rh2 23. f3 Rah8 24. Kd1 Rh1 25. Rxh1 Rxh1+ 26. Re1 Rh3
27. Ke2 Ne7 28. Ke3 Rh8 29. c4 Rc8 30. c5 Ng6 31. Rb1 Re8+ 32. Kf2 Re7 33. Nf1
Nf4 34. Ne3 g6 35. Rh1 Kg7 36. Rd1 Rc7 37. Rb1 Kg8 38. Ng2 b6 39. Nxf4 gxf4 40.
cxb6 Rxc2+ 41. Ke1 axb6 42. Rxb6 Kg7 1/2-1/2